Automobile Engineering vol.1 (Record no. 35006)
[ view plain ]
| 000 -LEADER | |
|---|---|
| fixed length control field | 00346nam a2200169Ia 4500 |
| 082 ## - DEWEY DECIMAL CLASSIFICATION NUMBER | |
| Classification number | 629.2 |
| Item number | KIR |
| 100 ## - MAIN ENTRY--PERSONAL NAME | |
| Personal name | Kirpal Singh |
| 245 ## - TITLE STATEMENT | |
| Title | Automobile Engineering vol.1 |
| 260 ## - PUBLICATION, DISTRIBUTION, ETC. | |
| Name of publisher, distributor, etc. | Standard Publications |
| Date of publication, distribution, etc. | 2017 |
| 366 ## - TRADE AVAILABILITY INFORMATION | |
| Publishers's discount category | 10 |
| 300 ## - PHYSICAL DESCRIPTION | |
| Extent | 770 |
| 490 ## - SERIES STATEMENT | |
| Volume/sequential designation | 1 |
| 546 ## - LANGUAGE NOTE | |
| Language note | ENGLISH |
| 650 ## - SUBJECT ADDED ENTRY--TOPICAL TERM | |
| Topical term or geographic name entry element | AUTOMOBILE |
| 942 ## - ADDED ENTRY ELEMENTS (KOHA) | |
| Koha item type | BOOK |
| Withdrawn status | Lost status | Damaged status | Not for loan | Collection | Home library | Current library | Date acquired | Source of acquisition | Cost, normal purchase price | Inventory number | Total Checkouts | Full call number | Barcode | Date last seen | Cost, replacement price | Price effective from | Koha item type |
|---|---|---|---|---|---|---|---|---|---|---|---|---|---|---|---|---|---|
| CRC | Fr. Agnel's C.Rodrigues College of Engineering | Fr. Agnel's C.Rodrigues College of Engineering | 17/03/2023 | A.O enterprises | 427.50 | 456 dt 22.09.2022 | 629.2 KIR | 26021 | 17/03/2023 | 475.00 | BOOK | ||||||
| CRC | Fr. Agnel's C.Rodrigues College of Engineering | Fr. Agnel's C.Rodrigues College of Engineering | 17/03/2023 | A.O enterprises | 427.50 | 456 dt 22.09.2022 | 629.2 KIR | 26022 | 17/03/2023 | 475.00 | BOOK |